| 000 | 00364nam a2200145Ia 4500 | ||
|---|---|---|---|
| 005 | 20240821152057.0 | ||
| 008 | 240821s9999||||xx |||||||||||||| ||und|| | ||
| 082 | _a374 GRE | ||
| 100 | _aGreen, Ernest | ||
| 245 | 0 | _aAdult education : Why this apathy | |
| 260 |
_aLondon _bGeorge Allen & Unwin _c1953 |
||
| 300 | _a145p | ||
| 650 | _aAdult Education | ||
| 942 | _cBK | ||
| 999 |
_c59111 _d59111 |
||